Sports Quiz

Random Sports Quiz
Score 0/31 Timer 10:00
7 Plays Today
Équipe Réponse % Correct
FRANCE / GardienFabien Barthez
98.6%
FRANCE / MilieuZinédine Zidane
96.1%
FRANCE / AttaquantThierry Henry
95.3%
FRANCE / MilieuFranck Ribéry
90.2%
FRANCE / DéfenseurLilian Thuram
89.3%
ITALIE / GardienGianluigi Buffon
88.7%
FRANCE / DéfenseurWilly Sagnol
87.1%
FRANCE / MilieuPatrick Vieira
83.2%
FRANCE / RemplaçantDavid Trezeguet
83%
FRANCE / MilieuClaude Makelele
82.3%
ITALIE / DéfenseurMarco Materazzi
79%
FRANCE / MilieuFlorent Malouda
77.8%
FRANCE / DéfenseurWilliam Gallas
76.5%
FRANCE / EntraîneurRaymond Domenech
76.5%
ITALIE / DéfenseurFabio Cannavaro
75.2%
ITALIE / MilieuAndrea Pirlo
73.9%
Équipe Réponse % Correct
FRANCE / DéfenseurEric Abidal
72.7%
ITALIE / AttaquantFrancesco Totti
68.3%
ITALIE / RemplaçantAlessandro Del Piero
61.2%
ITALIE / MilieuGennaro Gattuso
57%
ITALIE / DéfenseurFabio Grosso
56.5%
FRANCE / RemplaçantSylvain Wiltord
53.6%
FRANCE / RemplaçantAlou Diarra
49.1%
ITALIE / DéfenseurGianluca Zambrotta
46.2%
ITALIE / AttaquantLuca Toni
41.9%
ITALIE / EntraîneurMarcello Lippi
38.7%
ITALIE / RemplaçantDaniele De Rossi
36.6%
ITALIE / MilieuMauro Camoranesi
29.1%
ITALIE / RemplaçantVincenzo Iaquinta
11.7%
ITALIE / MilieuSimone Perrotta
11.4%
ARBITREHoracio Elizondo
5.6%
Remove Ads.
Support Sporcle.
Get the best of Sporcle when you Go Orange. This ad-free experience offers more features, more stats, and more fun while also helping to support Sporcle. Thank you for becoming a member.

You're not logged in!

Compare scores with friends on all Sporcle quizzes.
OR
Log In

Sporcle TV

Today on Sporcle TV


Watch our educational content, quiz creation guides, and fun videos on Sporcle TV.

Show Comments

Extras

Created Jul 9, 2020ReportNominate
Tags:2006, les

Top Quizzes Today


Score Distribution

Paid Content

Your Account Isn't Verified!

In order to create a playlist on Sporcle, you need to verify the email address you used during registration. Go to your Sporcle Settings to finish the process.

Report this User

Report this user for behavior that violates our Community Guidelines.

Details: